00301pab a2200121 454500008004000000100001400040245005100054260000900105300001000114362001200124650002800136773001500164180718b1989 xxu||||| |||| 00| 0 eng d aRao, V.L. aEconomic managementbIdelogy versis pragmatism c1989 a13-14 a25 Feb. aIndia - Economic Policy aMainstream